| 000 | 00000nam 2200000za 4500 |
| 001 | 9.842779 |
| 003 | CaOODSP |
| 005 | 20231206090216 |
| 007 | cr ||||||||||| |
| 008 | 170911s2016 nucab o f000 0 fre d |
| 040 | |aCaOODSP|bfre |
| 043 | |an-cn---|an-cn-nt|an-cn-nu|an-cn-yk |
| 086 | 1 |aR108-1/2016F-PDF |
| 110 | 2 |aAgence canadienne de développement économique du Nord. |
| 245 | 10|aAgence canadienne de développement économique du Nord |h[ressource électronique] : |bensemble pour un Nord dynamique. |
| 260 | |a[Iqaluit, Nunavut] : |bAgence canadienne de développement économique du Nord, |c2016. |
| 300 | |a14 p. : |bcartes en coul., ill. en coul. |
| 500 | |aPubl. aussi en anglais sous le titre : Canadian Northern Economic Development Agency : building a strong North together. |
| 500 | |aTitre de la couv. |
| 500 | |a« Janvier 2016. » |
| 692 | 07|2gccst|aDéveloppement économique |
| 692 | 07|2gccst|aNord canadien |
| 692 | 07|2gccst|aInstitution fédérale |
| 775 | 08|tCanadian Northern Economic Development Agency |w(CaOODSP)9.842775 |
| 856 | 40|qPDF|s1.33 Mo|uhttps://publications.gc.ca/collections/collection_2017/cannor/R108-1-2016-fra.pdf |